| 000 | 01805cam a22001934a 4500 | ||
|---|---|---|---|
| 005 | 20250605164018.0 | ||
| 008 | 250528s ||||||||||||||||||||||||d | ||
| 035 | _a16250 | ||
| 020 | _a801816688 | ||
| 040 |
_aGR-AtMCL _bgre _dGR-AtMCL _eAACR2 |
||
| 245 | 1 | _aEthnic Variables in Human Factors Engineering / Based on Papers Presented at a Symposium on ''National and Cultural Variables in Human Factors Engineering'', Held in Oosterbeek, The Netherlands, 19-23 June 1972, Under the Auspices of the Advisory Group on Human Factors / Based on Papers Presented at a Symposium on ''National and Cultural Variables in Human Factors Engineering'', Held in Oosterbeek, The Netherlands, 19-23 June 1972, Under the Auspices of the Advisory Group on Human Factors | |
| 260 |
_bThe John Hopkins University Press, _c1975 |
||
| 300 | _a292 | ||
| 520 | _aPreface, Introduction and Welcome, Cosmopolitanism: A New Era in the Evolution of Human Factors Engineering, Population Differences in Dimensions and Their Genetic Basis and Their Relevance to Practical Problems of Design, Anthropometric Measurements on Selected Populations of the World, International Anthropometric Variability and Its Effects on Aircraft Cockpit Design, Muscle Strength as a Criterion in Control Design for Diverse Populations, Ergonomic Problems in the Transition from Peasant to Industrial Life in South Africa, Overcoming the Language Barrier with Foreign Workers, Multinational Psychological Research in Telephony, Some Problems of Voice Communication for International Aviation, Human Factors in Town Planning and Housing Design, Experience with Selection Tests in Various Countries, Some Observations on the Teaching of Ergonomics, Index. | ||
| 700 | 1 |
_aChapanis Alphonse _92333 |
|
| 942 | _cBK | ||
| 999 |
_c1768 _d1768 |
||